000 00806nam a2200205 i 4500
001 180356
003 ES-MaACL
005 20230906221054.0
008 120530s1976 sp |||| | spa d
080 _a616.89-008.441.43-08(043.2)
100 1 _aCircuns Espelt, Juan.
_938876
245 1 0 _aEstudio comparativo de las técnicas psicoterápicas y psicosomáticas en el comportamiento del alcoholismo /
_cpor Juan Circuns Espelt.
260 _aBarcelona :
_bUniversidad, Secretariado de Publicaciones, Intercambio Científico y Extensión Universitaria,
_c1976.
300 _a15 p. ;
_c24 cm.
502 _aTesis-Universidad Barcelona (Extracto)
504 _aBibliografía: p. 12-15.
650 0 4 _aAlcoholismo.
_99712
710 2 _aUniversidad de Barcelona.
_97141
852 _aES-MaACL
_jE-15361(183)
999 _c180356
_d180356